Water in the Answers - Statistics

General Stats
  • This quiz has been taken 60,944 times
    48,824 since last reset
  • The average score is 12 of 20
Answer Stats
Clue Answer % Correct
Where a river flows over a vertical drop Waterfall
98%
One of the largest fruits Watermelon
92%
A horse-based sport, minus the horses, in a pool Water polo
88%
Nixon's scandal Watergate
87%
Napoleon's final defeat Waterloo
87%
An exorcist needs plenty of this Holy water
80%
"Enhanced" interrogation technique Waterboarding
73%
What you'd find in the Dead Sea Salt water
67%
Utility found on a Monopoly board Water Works
58%
Ducks, geese, or swans Waterfowl
57%
Adam Sandler movie The Waterboy
56%
Post-apocalyptic movie starring Kevin Costner Waterworld
54%
Series of Monet paintings Water Lilies
48%
Anti-malaria water often mixed with gin Tonic water
42%
City in Ireland once known for crystal Waterford
41%
Novel about rabbits Watership Down
40%
Water made with extra deuterium Heavy water
31%
... nor any drop to drink Water Water Everywhere
31%
Chicago blues musician Muddy Waters
29%
... and fire in the sky Smoke on the Water
17%
No matching quizzes found
Score Distribution
Percent of People with Each Score
Percentile by Number Answered
Your Score History
You have not taken this quiz since the last reset